FC 24 Euro and Copa América Make Your Mark - Statistics

General Stats
  • This quiz has been taken 41 times
    27 since last reset
  • The average score is 27 of 77
Answer Stats
rat pos club playre % Correct
Euro Make Your Mark 99 CB Liverpool Virgil van Dijk
100%
Euro Make Your Mark 97 LB Real Madrid Ferland Mendy
95%
Euro Make Your Mark 99 CAM Bayer Leverkusen Florian Wirtz
95%
Euro Make Your Mark 98 RB Real Madrid Dani Carvajal
90%
Euro Make Your Mark 94 CB Tottenham Hotspur Micky van de Ven
85%
Euro Make Your Mark 98 CAM Chelsea Cole Palmer
80%
Euro Make Your Mark 97 CB Liverpool Ibrahim Konaté
75%
Copa América Make Your Mark 98 CM Liverpool Alexis Mac Allister
70%
Copa América Make Your Mark 96 LW Arsenal Gabriel Martinelli
70%
Euro Make Your Mark 96 LW AC Milan Rafael Leão
70%
Copa América Make Your Mark 96 RW Real Madrid Rodrygo
70%
Euro Make Your Mark 97 RM Manchester City Jérémy Doku
65%
Copa América Make Your Mark 96 LW Manchester United Alejandro Garnacho
60%
Copa América Make Your Mark 98 ST Liverpool Darwin Núñez
60%
Euro Make Your Mark 95 CAM Liverpool Dominik Szoboszlai
60%
Euro Make Your Mark 97 LM Athletic Bilbao Nico Williams
60%
Euro Make Your Mark 97 ST Paris Saint-Germain Randal Kolo Muani
60%
Copa América Make Your Mark 98 ST Lille OSC Jonathan David
55%
Euro Make Your Mark 96 LB Paris Saint-Germain Nuno Mendes
55%
Euro Make Your Mark 97 CAM RB Leipzig Xavi Simons
55%
Euro Make Your Mark 97 CAM Real Madrid Arda Güler
50%
Euro Make Your Mark 96 CDM Real Madrid Aurélien Tchouaméni
50%
Euro Make Your Mark 95 GK FC Barcelona Marc-André ter Stegen
50%
Euro Make Your Mark 96 ST Manchester United Rasmus Højlund
50%
Euro Make Your Mark 96 RB Liverpool Trent Alexander-Arnold
50%
Euro Make Your Mark 96 LM Inter Milan Federico Dimarco
40%
Euro Make Your Mark 95 LM Chelsea Mykhailo Mudryk
40%
Copa América Make Your Mark 96 RB Celtic Alistair Johnston
35%
Euro Make Your Mark 95 ST RB Leipzig Benjamin Šeško
35%
Euro Make Your Mark 93 ST Metz Georges Mikautadze
30%
Euro Make Your Mark 93 ST Brentford Ivan Toney
30%
Euro Make Your Mark 95 CM Benfica João Neves
30%
Euro Make Your Mark 95 CB RC Lens Kevin Danso
30%
Euro Make Your Mark 94 CB Real Sociedad Robin Le Normand
30%
Euro Make Your Mark 94 CDM Manchester United Scott McTominay
30%
Copa América Make Your Mark 93 CB Eintracht Frankfurt Willian Pacho
30%
Euro Make Your Mark 92 RB Benfica Alexander Bah
25%
Euro Make Your Mark 94 ST Fulham Armando Broja
25%
Euro Make Your Mark 92 LWB Ajax Borna Sosa
25%
Copa América Make Your Mark 96 RB Nottingham Forest Gonzalo Montiel
25%
Euro Make Your Mark 94 LB Arsenal Jakub Kiwior
25%
Euro Make Your Mark 94 RWB RC Lens Przemysław Frankowski
25%
Euro Make Your Mark 94 CB Tottenham Hotspur Radu Drăgușin
25%
Copa América Make Your Mark 92 LM Club Atlético Talleres Ramón Sosa
25%
Euro Make Your Mark 94 RB Bologna Stefan Posch
25%
Copa América Make Your Mark 95 RB Girona Yan Couto
25%
Copa América Make Your Mark 95 CM AC Milan Yunus Musah
25%
Euro Make Your Mark 95 CB Rennes Arthur Theate
20%
Euro Make Your Mark 95 CAM Atalanta Charles De Ketelaere
20%
Copa América Make Your Mark 94 LWB RC Lens Deivier Machado
20%
Euro Make Your Mark 94 LM Juventus Filip Kostić
20%
Euro Make Your Mark 93 CM Torino Ivan Ilić
20%
Copa América Make Your Mark 95 LB Osasuna Johan Mojica
20%
Copa América Make Your Mark 93 CM Paris Saint-Germain Manuel Ugarte
20%
Euro Make Your Mark 94 CDM Borussia Dortmund Salih Özcan
20%
Copa América Make Your Mark 95 CM Porto Stephen Eustáquio
20%
Copa América Make Your Mark 93 RM Juventus Timothy Weah
20%
Euro Make Your Mark 91 RW Wolfsburg Václav Černý
20%
Copa América Make Your Mark 94 CM Juventus Weston McKennie
20%
Euro Make Your Mark 94 RB Bayer Leverkusen Josip Stanišić
15%
Euro Make Your Mark 93 LWB VfB Stuttgart Maximilian Mittelstädt
15%
Euro Make Your Mark 93 CM Brighton Pascal Groß
15%
Euro Make Your Mark 91 ST Boavista Róbert Boženík
15%
Copa América Make Your Mark 91 RM Cercle Brugge Alan Minda
10%
Euro Make Your Mark 94 CM Inter Milan Davide Frattesi
10%
Copa América Make Your Mark 91 ST Famalicão Jhonder Cádiz
10%
Copa América Make Your Mark 95 CB Genoa Johan Vásquez
10%
Copa América Make Your Mark 94 LM Bournemouth Luis Sinisterra
10%
Copa América Make Your Mark 92 RB Marseille Michael Murillo
10%
Copa América Make Your Mark 94 LM Al-Ettifaq Demarai Gray
5%
Copa América Make Your Mark 94 LB Toulouse Gabriel Suazo
5%
Copa América Make Your Mark 91 CM LDU Quito Gabriel Villamíl
5%
Copa América Make Your Mark 91 CDM Gil Vicente Jesús Castillo
5%
Copa América Make Your Mark 93 RB Porto Jorge Sánchez
5%
Copa América Make Your Mark 93 CB Austin FC Julio Cascante
5%
Euro Make Your Mark 94 ST AC Milan Noah Okafoh
5%
Euro Make Your Mark 93 CM AC Milan Tijjani Reijnders
5%
No matching quizzes found
Score Distribution
Percent of People with Each Score
Percentile by Number Answered
Your Score History
You have not taken this quiz since the last reset